00315nam a2200133Ia 45000030006000000080041000060400015000471000017000622450037000792600032001163000006001485460010001540050017001640STCL150530s9999 xx 000 0 und d aSTCLcSTCL aKulkarni G K aPouranik Kavya Adhunik Sandharbh bVidhya Vihar ; Kanpurc1978 a0 aHindi20220125171306.0